Councils' use of contaminated land powers (Record no. 69200)
[ view plain ]
| 000 -LEADER | |
|---|---|
| fixed length control field | 00823cam a2200193 4500 |
| 001 - CONTROL NUMBER | |
| control field | WB3801-24 |
| 008 - FIXED-LENGTH DATA ELEMENTS--GENERAL INFORMATION | |
| fixed length control field | 020108n2002 000 0 eng u |
| 035 ## - SYSTEM CONTROL NUMBER | |
| System control number | (Sirsi) u116171 |
| 245 ## - TITLE STATEMENT | |
| Title | Councils' use of contaminated land powers |
| 260 ## - PUBLICATION, DISTRIBUTION, ETC. | |
| Date of publication, distribution, etc. | 2002 |
| 490 ## - SERIES STATEMENT | |
| Series statement | ENDS Report |
| Volume/sequential designation | (323) December 2001, 11-12(2) |
| 520 ## - SUMMARY, ETC. | |
| Summary, etc. | New legislation, which took effect in England in April 2000, gave local authorities powers to tackle contaminated land. Describes the key findings of an ENDS survey, which looks at how councils have used their powers. Focuses on 15 sites, many of which could not have been anticipated by those who drafted the legislation. Table. |
| 590 ## - LOCAL NOTE (RLIN) | |
| Local note | WB |
| 650 ## - SUBJECT ADDED ENTRY--TOPICAL TERM | |
| Topical term or geographic name entry element | LOCAL AUTHORITIES |
| 650 ## - SUBJECT ADDED ENTRY--TOPICAL TERM | |
| Topical term or geographic name entry element | CONTAMINATED LAND |
| 650 ## - SUBJECT ADDED ENTRY--TOPICAL TERM | |
| Topical term or geographic name entry element | REMEDIATION |
| 690 ## - LOCAL SUBJECT ADDED ENTRY--TOPICAL TERM (OCLC, RLIN) | |
| Topical term or geographic name as entry element | ENVIRONMENT-CONTAMINATION |
| 942 ## - ADDED ENTRY ELEMENTS (KOHA) | |
| Suppress in OPAC | 0 |
| Withdrawn status | Lost status | Source of classification or shelving scheme | Damaged status | Not for loan | Home library | Current library | Shelving location | Date acquired | Total Checkouts | Full call number | Barcode | Date last seen | Copy number | Price effective from | Koha item type |
|---|---|---|---|---|---|---|---|---|---|---|---|---|---|---|---|
| Dewey Decimal Classification | London | London | News article | 08/01/2002 | WB3801-24 | 116171-1001 | 06/08/2019 | 1 | 06/08/2019 | News article |